Intermediate Algebra and Calculus / (Record no. 8938)
[ view plain ]
| 000 -LEADER | |
|---|---|
| fixed length control field | 00733nam a2200277I 4500 |
| 001 - CONTROL NUMBER | |
| JCCL Control Number | 8938 |
| 003 - CONTROL NUMBER IDENTIFIER | |
| JCCL marc code | BD - JhCC |
| 005 - DATE AND TIME OF LATEST TRANSACTION | |
| control field | 20180621131722.0 |
| 008 - FIXED-LENGTH DATA ELEMENTS--GENERAL INFORMATION | |
| fixed length control field | 830617s1966 nyua 000 0 eng d |
| 035 ## - SYSTEM CONTROL NUMBER | |
| system control number | (BD - JhCC)8938 |
| 035 ## - SYSTEM CONTROL NUMBER | |
| system control number | (OCoLC)09615618 |
| 035 ## - SYSTEM CONTROL NUMBER | |
| system control number | GLIS00553214 |
| 040 ## - CATALOGING SOURCE | |
| Original cataloging agency | CLS |
| Transcribing agency | CLS |
| Modifying agency | m/c |
| -- | RCD |
| -- | BD - JhCC |
| 041 ## - LANGUAGE CODE | |
| Language code of Book | eng |
| 082 ## - DEWEY DECIMAL CLASSIFICATION NUMBER | |
| Author mark and Year | HAQ 1966 |
| Classification number | 512 |
| 090 ## - LOCALLY ASSIGNED LC-TYPE CALL NUMBER (OCLC); LOCAL CALL NUMBER (OCLC) | |
| Classification number (OCLC) (R) ; Classification number, CALL (RLIN) (NR) | QA303 |
| Local cutter number (OCLC) ; Book number/undivided call number, CALL (RLIN) | .K23 |
| 099 ## - LOCAL FREE-TEXT CALL NUMBER | |
| Classification number | QA303.K23 |
| 100 1# - MAIN ENTRY--PERSONAL NAME | |
| Personal name | Haq, A K M |
| 245 10 - TITLE STATEMENT | |
| Title | Intermediate Algebra and Calculus / |
| Statement of responsibility, etc | A K M Haq |
| 260 ## - PUBLICATION, DISTRIBUTION, ETC. (IMPRINT) | |
| Place of publication, distribution, etc | [Cambridge, Mass.?, |
| Date of publication, distribution, etc | c1966] |
| 300 ## - PHYSICAL DESCRIPTION | |
| Pagination | various pages. |
| Other physical details | ill. ; |
| Dimensions | 23 cm. |
| 650 #0 - SUBJECT ADDED ENTRY--TOPICAL TERM | |
| Topical term or geographic name as entry element | Algebras, Linear. |
| 650 #0 - SUBJECT ADDED ENTRY--TOPICAL TERM | |
| Topical term or geographic name as entry element | Calculus. |
| 942 ## - ADDED ENTRY ELEMENTS (KOHA) | |
| Source of classification or shelving scheme | Dewey Decimal Classification |
| Koha item type | Books |
| Source of classification or shelving scheme | Damaged status | Not for loan | Home library | Current library | Shelving location | Total Checkouts | Full call number | Barcode | Date last seen | Copy number | Koha item type |
|---|---|---|---|---|---|---|---|---|---|---|---|
| Dewey Decimal Classification | JCC Rouf Library | JCC Rouf Library | General Stacks | 512 HAQ 1966 | 11877 | 03/05/2018 | C - 1 | Books |